02061nam a2200313 i 4500003000900000005001700009007000300026008004100029020001800070040003000088082001800118100005200136245004300188264003400231300002600265336002700291337003300318338002800351500005800379520075900437590002701196710005901223910001401282942001401296952013601310952014201446952014201588999001701730DO-SdBNP20250404103612.0ta250404t2024 dr 00| ||spa d z9789945484717 aDO-SdBNPbspacBNPHUerda axxxbR7882221 aRosa, Nicanor de la,d1951-eautor4aut.94329710aFrente a la vida /cNicanor de la Rosa aSanto Domingo :bFLAM,c2024. a102 páginasc23 cm. atextobtxt2rdacontent asin mediaciónbn2rdamedia avolumenbnc2rdacarrier aIncluye datos biográficos del autor en las solapas. a«Frente a la vida» es un reflejo de la cotidianidad con que el hombre rural percibe hechos predestinados que, aunque insólitos, siempre son un reflejo de sus propias emociones y deseos, lo que nos lleva a pensar que la vorágine urbana en la que eventualmente pasa a vivir este mismo hombre es simplemente una extensión de lo que dejó atrás y anhela recuperar. Esta compilación de 20 cuentos del escritor Nicanor de la Rosa está cargada de emociones, presentando personajes cuyas vidas están marcadas por una repetición de muertes físicas, morales y sentimentales. En sus sueños, estos personajes ven cómo se va sepultando aquello que los hace humanos, aceptando que no vale la pena regresar, y así se pierden en su existencia. aInventariado, 2025/ YL aFundación Literaria Aníbal Montaño (FLAM)972768 aYLockward 2ddccLBS1 00102ddc51708PDaBNPHUbBNPHUcCTd2024-09-11eDepósito Legal l0oBNPHU PD xxx R788p2025-2636r2025-04-04w2025-04-04yLBS1 00102ddc51708PDaBNPHUbBNPHUcCTd2024-09-11eDepósito Legal l0oBNPHU PD xxx R788p2025-2637r2025-04-04te. 2w2025-04-04yLBS1 00102ddc56708DSaBNPHUbBNPHUcCTd2024-09-11eDepósito Legal l0oBNPHU DS xxx R788p2025-2638r2025-04-04te. 3w2025-04-04yLBS1 c58615d58615